Most Heated College Sports Rivalries - Statistics

General Stats
  • This quiz has been taken 1,519 times
    183 since last reset
  • The average score is 33 of 50
Answer Stats
Teams % Correct
Michigan
96%
Michigan
96%
Ohio State
94%
Alabama
93%
Alabama
93%
Alabama
93%
Texas
90%
Texas
90%
Auburn
85%
Florida
85%
Florida
85%
Georgia
84%
Michigan State
84%
Oklahoma
81%
Florida State
80%
LSU
74%
Texas A&M
74%
USC
74%
USC
74%
Tennessee
73%
UCLA
73%
North Carolina
70%
North Carolina
70%
Oregon
68%
Washington
68%
Duke
67%
Notre Dame
66%
Kentucky
61%
Kansas
60%
South Carolina
59%
NC State
58%
Clemson
57%
Indiana
57%
Ole Miss
54%
Louisville
52%
Minnesota
52%
Wisconsin
52%
Mississippi State
50%
BYU
47%
Missouri
47%
Pitt
47%
West Virginia
47%
Utah
46%
Virginia
46%
Army
44%
Navy
44%
Purdue
43%
Stanford
39%
Virginia Tech
39%
California
31%
No matching quizzes found
Score Distribution
Percent of People with Each Score
Percentile by Number Answered
Your Score History
You have not taken this quiz since the last reset